000 00430nam a22002057a 4500
003 UA-OsUOA
001 28862
007 ta
008 20050511b un ||||| |||| 00| 0 ukr d
090 _a821.161.2
_bЛ17
942 _cBK
040 _aUA-OsUOA
_bukr
_cUA-OsUOA
_dUA-OsUOA
245 _cВ. А. Лазарук
955 _a0
041 _aukr
080 _a821.161.2
044 _aUA
650 7 _2UDC
999 _c315235
_d315235